[Event "16. Torneo San Viator - Grupo B"]
[Site "Madrid ESP"]
[Date "2016.04.03"]
[Round "1.26"]
[White "Alonso Pardo, Daniel"]
[Black "Arias Bellido, Santiago"]
[Result "1-0"]
[WhiteElo "1581"]
[BlackElo "1324"]
[PlyCount "70"]
[EventDate "2016.04.03"]
[EventType "swiss"]
[EventRounds "9"]
[EventCountry "ESP"]
[Source "lmi"]
[SourceDate "2016.04.03"]

1. e4 e5 2. Nf3 d6 3. Bc4 h6 4. d4 Nd7 5. c3 Ngf6 6. Qb3 Qe7 7. O-O Nxe4 8. Re1
Nef6 9. dxe5 dxe5 10. Bf4 Nc5 11. Qc2 Be6 12. Rxe5 Ncd7 13. Re2 O-O-O 14. b4
Nb6 15. Bb3 g5 16. Bg3 Nh5 17. Nd4 Nxg3 18. hxg3 Qd6 19. Nxe6 fxe6 20. Rxe6
Qd1+ 21. Qxd1 Rxd1+ 22. Bxd1 Bd6 23. Bg4 Kb8 24. Na3 h5 25. Bf3 g4 26. Be4 a6
27. Re1 h4 28. gxh4 Rxh4 29. g3 Rh5 30. Bg2 Ka7 31. Rg6 Nd5 32. Nb1 Nb6 33.
Rxg4 Nc4 34. Rxc4 b5 35. Rc6 Rd5 1-0

[Event "16. Torneo San Viator - Grupo B"]
[Site "Madrid ESP"]
[Date "2016.04.03"]
[Round "1.27"]
[White "Jimenez Sanchez, Juan Daniel"]
[Black "Perez Gonzalez, Manuel"]
[Result "0-1"]
[WhiteElo "1322"]
[BlackElo "1580"]
[PlyCount "82"]
[EventDate "2016.04.03"]
[EventType "swiss"]
[EventRounds "9"]
[EventCountry "ESP"]
[Source "lmi"]
[SourceDate "2016.04.03"]

1. d4 d5 2. Nf3 Nf6 3. c4 c6 4. g3 Bf5 5. Nbd2 e6 6. Bg2 Bb4 7. a3 Bxd2+ 8.
Bxd2 dxc4 9. Bb4 a5 10. Bc3 O-O 11. O-O Nbd7 12. Ne5 Nxe5 13. dxe5 Qxd1 14.
Rfxd1 Nd5 15. Bd4 Bc2 16. Rd2 Bb3 17. e4 Ne7 18. Rc1 Rfd8 19. Bc3 Rxd2 20. Bxd2
b6 21. f4 Rd8 22. Bc3 c5 23. Rf1 Nc6 24. f5 Rd1 25. Rxd1 Bxd1 26. Bh3 Nd8 27.
Kf2 g5 28. fxg6 hxg6 29. Bf1 Bb3 30. h4 Nc6 31. Ke3 b5 32. g4 b4 33. Bd2 Nxe5
34. Kf4 Nd3+ 35. Bxd3 cxd3 36. Ke5 bxa3 37. bxa3 a4 38. g5 Kf8 39. Kd6 c4 40.
Bc3 Ke8 41. Bf6 d2 0-1

[Event "16. Torneo San Viator - Grupo B"]
[Site "Madrid ESP"]
[Date "2016.04.03"]
[Round "1.28"]
[White "Hidalgo Prado, David"]
[Black "Del Noval Nemeshazi, Mario"]
[Result "1-0"]
[WhiteElo "1578"]
[BlackElo "1307"]
[PlyCount "67"]
[EventDate "2016.04.03"]
[EventType "swiss"]
[EventRounds "9"]
[EventCountry "ESP"]
[Source "lmi"]
[SourceDate "2016.04.03"]

1. e4 e6 2. d4 d5 3. e5 c5 4. c3 Nc6 5. Nf3 Qb6 6. a3 Nh6 7. b4 cxb4 8. cxb4
Nf5 9. Bb2 Bd7 10. g4 Nfe7 11. Nc3 Ng6 12. Na4 Qc7 13. Rc1 a6 14. Nc5 Bxc5 15.
Rxc5 O-O 16. g5 Rfc8 17. Qd2 Qd8 18. h4 Nce7 19. h5 Nf8 20. Bd3 g6 21. hxg6
fxg6 22. Qf4 Nf5 23. Kd2 Rxc5 24. dxc5 Rc8 25. Nd4 Bc6 26. Bxf5 exf5 27. Re1
Qc7 28. Re3 Nd7 29. Ne6 Qb8 30. Qd4 Re8 31. Nf4 Nxe5 32. Rxe5 Rxe5 33. Nd3 Re7
34. Qh8+ 1-0

[Event "16. Torneo San Viator - Grupo B"]
[Site "Madrid ESP"]
[Date "2016.04.03"]
[Round "1.29"]
[White "Mora Gonzalez-Rojas, Francisco"]
[Black "Avendano Layunta, Manuel"]
[Result "0-1"]
[WhiteElo "1253"]
[BlackElo "1576"]
[PlyCount "49"]
[EventDate "2016.04.03"]
[EventType "swiss"]
[EventRounds "9"]
[EventCountry "ESP"]
[Source "lmi"]
[SourceDate "2016.04.03"]

1. e4 d6 2. Bb5+ c6 3. Bc4 d5 4. exd5 cxd5 5. Bb5+ Bd7 6. Bxd7+ Qxd7 7. Nf3 Nc6
8. O-O e6 9. d4 h6 10. Ne5 Qc7 11. Nxc6 Qxc6 12. Be3 Nf6 13. h3 Bd6 14. Nd2 O-O
15. Nf3 Rac8 16. c3 Qc7 17. Qd3 Ne4 18. Rfe1 Qb6 19. Rab1 Qa5 20. a3 Qc7 21.
Ne5 Bxe5 22. dxe5 Qxe5 23. Bxh6 Qd6 24. Rxe4 Rc6 25. Ree1 0-1

[Event "16. Torneo San Viator - Grupo B"]
[Site "Madrid ESP"]
[Date "2016.04.03"]
[Round "1.30"]
[White "Yaniz Lana, Francisco Javier"]
[Black "Trapero Bueno, Vicente"]
[Result "1-0"]
[WhiteElo "1575"]
[BlackElo "1231"]
[PlyCount "129"]
[EventDate "2016.04.03"]
[EventType "swiss"]
[EventRounds "9"]
[EventCountry "ESP"]
[Source "lmi"]
[SourceDate "2016.04.03"]

1. d4 d5 2. Nf3 Nf6 3. Bf4 Bf5 4. e3 h6 5. c4 e6 6. Qb3 Qc8 7. Nc3 c6 8. cxd5
exd5 9. Be2 Be7 10. h3 O-O 11. Rc1 Nbd7 12. Nb5 a6 13. Nd6 Bxd6 14. Bxd6 Re8
15. Ne5 Nxe5 16. Bxe5 Ne4 17. g4 Bg6 18. Bd3 Kh7 19. f3 Ng5 20. Bxg6+ fxg6 21.
Qd1 Rf8 22. Rf1 Qd8 23. h4 Qa5+ 24. Rc3 Ne6 25. a3 c5 26. dxc5 Nxc5 27. Qxd5
Nd3+ 28. Qxd3 Qxe5 29. f4 Qe7 30. g5 Rf5 31. Rc4 Rd8 32. Qe4 Qd7 33. Rd4 Rd5
34. Rxd5 Qxd5 35. Qxd5 Rxd5 36. Ke2 Kg8 37. Rc1 Rd8 38. Rc7 b5 39. Ra7 Rd6 40.
e4 Rd4 41. Ke3 Rd1 42. Rxa6 Rh1 43. Rb6 Rxh4 44. Rxb5 Rh3+ 45. Kd4 Rh4 46. Ke5
hxg5 47. fxg5 Rh5 48. Ke6 Rh1 49. a4 Rh4 50. Kd5 Rg4 51. Kd4 Kf7 52. a5 Rg1 53.
b4 Ra1 54. Rb7+ Kf8 55. Rb5 Rd1+ 56. Ke3 Ra1 57. e5 Ke7 58. Rb6 Re1+ 59. Kd4
Rd1+ 60. Kc5 Rc1+ 61. Kb5 Re1 62. Rxg6 Rxe5+ 63. Kb6 Kf8 64. a6 Re8 65. a7 1-0

[Event "16. Torneo San Viator - Grupo B"]
[Site "Madrid ESP"]
[Date "2016.04.03"]
[Round "1.31"]
[White "Giron Herranz, Juan"]
[Black "Blanco Ruiz, Cesar"]
[Result "1-0"]
[WhiteElo "1163"]
[BlackElo "1559"]
[PlyCount "87"]
[EventDate "2016.04.03"]
[EventType "swiss"]
[EventRounds "9"]
[EventCountry "ESP"]
[Source "lmi"]
[SourceDate "2016.04.03"]

1. d4 Nf6 2. c4 g6 3. Nc3 d5 4. Bf4 Bg7 5. Nf3 O-O 6. e3 c5 7. dxc5 Ne4 8. Be5
f6 9. Bxb8 Rxb8 10. cxd5 Nxc5 11. Bc4 Kh8 12. O-O f5 13. Qc2 a6 14. Rfe1 b5 15.
Be2 Qc7 16. Rac1 Bd7 17. b3 Rbc8 18. Nd4 Qe5 19. Qd2 Qd6 20. b4 Nb7 21. a3 Qb6
22. Bf3 Nd6 23. Be2 Nc4 24. Bxc4 Rxc4 25. Nce2 Rfc8 26. Rxc4 Rxc4 27. Rc1 Qc7
28. Rxc4 Qxc4 29. Qc2 Qxd5 30. Qc7 e5 31. Qd8+ Qg8 32. Qxd7 exd4 33. Nxd4 f4
34. Ne6 fxe3 35. Qxg7+ Qxg7 36. Nxg7 exf2+ 37. Kxf2 Kxg7 38. Ke3 Kf6 39. Kd4
Ke6 40. Kc5 g5 41. Kb6 Kd6 42. Kxa6 Kc6 43. h3 h6 44. g4 1-0

[Event "16. Torneo San Viator - Grupo B"]
[Site "Madrid ESP"]
[Date "2016.04.03"]
[Round "1.32"]
[White "Boria Jimenez, Cesar"]
[Black "Duma, Mihaela"]
[Result "1-0"]
[WhiteElo "1558"]
[BlackElo "1037"]
[PlyCount "83"]
[EventDate "2016.04.03"]
[EventType "swiss"]
[EventRounds "9"]
[EventCountry "ESP"]
[Source "lmi"]
[SourceDate "2016.04.03"]

1. e4 e5 2. Nf3 Nc6 3. d4 Nf6 4. Nc3 d5 5. Bb5 Bd7 6. dxe5 Nxe4 7. Qxd5 Nxc3 8.
bxc3 a6 9. Bc4 Be6 10. Qe4 Be7 11. Bxe6 fxe6 12. Qg4 O-O 13. Qxe6+ Rf7 14. O-O
Bc5 15. Ng5 Qe8 16. Qxf7+ Qxf7 17. Nxf7 Kxf7 18. Bf4 Ke6 19. Rfe1 b6 20. Be3
Ba3 21. Rad1 Nxe5 22. Bd4 Bd6 23. f4 Kf5 24. fxe5 Be7 25. Kf1 Rf8 26. Ke2 Ke4
27. Kd2+ Kd5 28. Rf1 h6 29. Rxf8 Bxf8 30. Ke3 c5 31. c4+ Ke6 32. Bc3 g5 33. Ke4
h5 34. Rf1 Be7 35. Rf5 b5 36. cxb5 axb5 37. Bd2 c4 38. Bxg5 Ba3 39. Rf6+ Kd7
40. Kd5 c3 41. Rf7+ Ke8 42. e6 1-0

[Event "16. Torneo San Viator - Grupo B"]
[Site "Madrid ESP"]
[Date "2016.04.10"]
[Round "2.1"]
[White "Franco Rincon, David"]
[Black "Arias Cusio, Oscar"]
[Result "1-0"]
[WhiteElo "1721"]
[BlackElo "1611"]
[PlyCount "69"]
[EventDate "2016.04.03"]
[EventType "swiss"]
[EventRounds "9"]
[EventCountry "ESP"]
[Source "lmi"]
[SourceDate "2016.04.03"]

1. e4 e5 2. Nf3 Nc6 3. Bc4 d6 4. c3 Bg4 5. d3 a6 6. b4 Bxf3 7. Qxf3 Nf6 8. Be3
Be7 9. Nd2 O-O 10. h3 h6 11. O-O Nh7 12. Qg4 Bg5 13. Nf3 Bxe3 14. fxe3 Ne7 15.
Nh4 d5 16. Bb3 c6 17. Rad1 Kh8 18. Nf5 Nxf5 19. Rxf5 Qd6 20. exd5 cxd5 21. e4
Nf6 22. Qg3 dxe4 23. dxe4 Qb6+ 24. Kh2 Nxe4 25. Qxe5 Rae8 26. Qd4 Qg6 27. Rf3
Ng5 28. Rf2 f5 29. Rdf1 Rd8 30. Qc5 Ne4 31. Rxf5 Nxc5 32. Rxf8+ Kh7 33. Bg8+
Kh8 34. Be6+ Kh7 35. Bf5 1-0

[Event "16. Torneo San Viator - Grupo B"]
[Site "Madrid ESP"]
[Date "2016.04.10"]
[Round "2.2"]
[White "Marquez Leon, Juan A"]
[Black "Iriarte Gomez, Enrique"]
[Result "1-0"]
[WhiteElo "1588"]
[BlackElo "1720"]
[PlyCount "63"]
[EventDate "2016.04.03"]
[EventType "swiss"]
[EventRounds "9"]
[EventCountry "ESP"]
[Source "lmi"]
[SourceDate "2016.04.03"]

1. d4 Nf6 2. Nf3 e6 3. e3 c5 4. c3 d5 5. Be2 Bd6 6. Nbd2 Nc6 7. a3 O-O 8. b4
cxd4 9. cxd4 a6 10. Bb2 Bd7 11. Nb3 b6 12. Rc1 Qe7 13. Qc2 Rfc8 14. Qb1 e5 15.
dxe5 Nxe5 16. Nbd4 Rxc1+ 17. Qxc1 Rc8 18. Qa1 Ne4 19. Nxe5 Bxe5 20. Bxa6 Ra8
21. Bb7 Qf6 22. O-O Qh6 23. f4 Bxd4 24. Bxd4 Re8 25. Bxd5 Bb5 26. Qa2 Rc8 27.
Bxf7+ Kh8 28. Be6 Nc3 29. Bxc3 Rxc3 30. Rd1 Qf6 31. Qd5 Rd3 32. Qa8+ 1-0

[Event "16. Torneo San Viator - Grupo B"]
[Site "Madrid ESP"]
[Date "2016.04.10"]
[Round "2.3"]
[White "Guerrero Gonzalez, Francisco"]
[Black "Alonso Pardo, Daniel"]
[Result "1/2-1/2"]
[WhiteElo "1699"]
[BlackElo "1581"]
[PlyCount "115"]
[EventDate "2016.04.03"]
[EventType "swiss"]
[EventRounds "9"]
[EventCountry "ESP"]
[Source "lmi"]
[SourceDate "2016.04.03"]

1. d4 d5 2. Nf3 Nf6 3. Bf4 Nc6 4. h3 Bf5 5. c3 e6 6. e3 a6 7. Nbd2 b5 8. a3 Be7
9. Nh4 Bg6 10. Nxg6 fxg6 11. Bd3 Nh5 12. Bh2 O-O 13. O-O Qd7 14. e4 dxe4 15.
Bxe4 Rad8 16. Nf3 Nf4 17. Qc2 Bd6 18. Rad1 Ne7 19. Ne5 Qc8 20. a4 c6 21. Rfe1
Qc7 22. Bxf4 Rxf4 23. g3 Rf6 24. Bd3 Rdf8 25. Rd2 c5 26. Ng4 R6f7 27. Rxe6 Bxg3
28. fxg3 Qxg3+ 29. Rg2 Qxh3 30. Re3 Qh4 31. Ne5 Rf4 32. Nd7 Nd5 33. Re5 Rd8 34.
Nxc5 Qh3 35. Qe2 Rdf8 36. Qe1 Rh4 37. Rf5 Qh1+ 38. Kf2 Rf4+ 39. Rxf4 Rxf4+ 40.
Ke2 Qxg2+ 41. Kd1 Qf3+ 42. Kc2 Ne3+ 43. Kb3 bxa4+ 44. Nxa4 Qd5+ 45. Ka3 Nc4+
46. Ka2 Nd2+ 47. Ka1 Nb3+ 48. Kb1 Rf8 49. Qe2 Na5 50. b4 Rb8 51. Bxa6 Qb3+ 52.
Kc1 Qxa4 53. Qe5 Nb3+ 54. Kb2 Re8 55. Qd5+ Kh8 56. Bb5 Qa1+ 57. Kxb3 Rc8 58.
Kc2 1/2-1/2

[Event "16. Torneo San Viator - Grupo B"]
[Site "Madrid ESP"]
[Date "2016.04.10"]
[Round "2.4"]
[White "Perez Gonzalez, Manuel"]
[Black "Bellagamba, Pascal"]
[Result "0-1"]
[WhiteElo "1580"]
[BlackElo "1671"]
[PlyCount "66"]
[EventDate "2016.04.03"]
[EventType "swiss"]
[EventRounds "9"]
[EventCountry "ESP"]
[Source "lmi"]
[SourceDate "2016.04.03"]

1. e4 Nf6 2. Nc3 d5 3. e5 Ne4 4. d4 Bf5 5. Nf3 e6 6. a3 Be7 7. Be3 Nd7 8. Nxe4
dxe4 9. Nd2 a6 10. b4 b5 11. Be2 Nb6 12. Bh5 a5 13. g4 Bg6 14. Bxg6 hxg6 15.
Nxe4 axb4 16. axb4 Bxb4+ 17. c3 Rxa1 18. Qxa1 Be7 19. Qa2 O-O 20. O-O Nc4 21.
Nd2 Nxe3 22. fxe3 Bg5 23. Rf3 Qd5 24. Qxd5 exd5 25. Nf1 Ra8 26. Rf2 Ra1 27. Kg2
Rc1 28. Rb2 c6 29. Rb3 Rc2+ 30. Kf3 Ra2 31. Kg3 Ra1 32. Kf2 Bh4+ 33. Ke2 Re1+
0-1

[Event "16. Torneo San Viator - Grupo B"]
[Site "Madrid ESP"]
[Date "2016.04.10"]
[Round "2.5"]
[White "Avendano Layunta, Manuel"]
[Black "Benitez Cadenas, Luis Miguel"]
[Result "1-0"]
[WhiteElo "1576"]
[BlackElo "1663"]
[PlyCount "97"]
[EventDate "2016.04.03"]
[EventType "swiss"]
[EventRounds "9"]
[EventCountry "ESP"]
[Source "lmi"]
[SourceDate "2016.04.03"]

1. Nc3 e6 2. e4 b6 3. d4 Bb7 4. d5 Qc8 5. Bc4 Bb4 6. Nge2 Nf6 7. Qd3 Na6 8. a3
exd5 9. exd5 Be7 10. Be3 Nc5 11. Bxc5 Bxc5 12. Qf5 c6 13. O-O-O d6 14. Qxc8+
Rxc8 15. dxc6 Bxc6 16. f3 Be3+ 17. Kb1 Rd8 18. Rd3 Bh6 19. Rhd1 Ke7 20. Nd4 Bd7
21. Ndb5 d5 22. Nxd5+ Nxd5 23. Rxd5 Bxb5 24. Bxb5 Rxd5 25. Rxd5 Rd8 26. c4 Rd6
27. Re5+ Re6 28. Rxe6+ Kxe6 29. Kc2 Bf4 30. h4 Bg3 31. h5 h6 32. Kd3 Ke5 33.
Be8 f6 34. b4 Kf4 35. Ke2 Ke5 36. c5 bxc5 37. bxc5 Kd5 38. c6 Kc4 39. a4 Kb4
40. Ke3 Bc7 41. Ke4 Kxa4 42. Kf5 Kb5 43. Kg6 a5 44. Kxg7 f5 45. Kxh6 a4 46. Kg6
f4 47. h6 a3 48. h7 Be5 49. c7+ 1-0

[Event "16. Torneo San Viator - Grupo B"]
[Site "Madrid ESP"]
[Date "2016.04.10"]
[Round "2.6"]
[White "Martinez Pintor, Juan"]
[Black "Hidalgo Prado, David"]
[Result "0-1"]
[WhiteElo "1660"]
[BlackElo "1578"]
[PlyCount "38"]
[EventDate "2016.04.03"]
[EventType "swiss"]
[EventRounds "9"]
[EventCountry "ESP"]
[Source "lmi"]
[SourceDate "2016.04.03"]

1. d4 e6 2. Nf3 d5 3. e3 Nf6 4. Bd3 c5 5. c3 Nbd7 6. Nbd2 Bd6 7. O-O O-O 8. Re1
e5 9. e4 dxe4 10. Nxe4 Nxe4 11. Bxe4 exd4 12. Bxh7+ Kxh7 13. Ng5+ Kg8 14. Qh5
Nf6 15. Qh4 Bf5 16. Bd2 Bg6 17. Rad1 Qd7 18. cxd4 cxd4 19. h3 Rfe8 0-1

[Event "16. Torneo San Viator - Grupo B"]
[Site "Madrid ESP"]
[Date "2016.04.10"]
[Round "2.7"]
[White "Castro Uceda, Jose Antonio"]
[Black "Raya Rodriguez, Juan"]
[Result "1-0"]
[WhiteElo "1558"]
[BlackElo "1649"]
[PlyCount "81"]
[EventDate "2016.04.03"]
[EventType "swiss"]
[EventRounds "9"]
[EventCountry "ESP"]
[Source "lmi"]
[SourceDate "2016.04.03"]

1. d4 f5 2. Nf3 Nf6 3. Bg5 e6 4. Nc3 Be7 5. Qd3 b6 6. e4 fxe4 7. Nxe4 Bb7 8.
Nxf6+ Bxf6 9. Bxf6 Qxf6 10. Be2 Nc6 11. O-O-O O-O-O 12. Qa3 a5 13. Qc3 Nb4 14.
Kb1 g5 15. h3 Be4 16. Rd2 Nd5 17. Qc4 Nf4 18. Rg1 h5 19. Bd3 Nxd3 20. cxd3 Bxf3
21. gxf3 Qxf3 22. Rc2 Qb7 23. Rxg5 Rdg8 24. f4 Rf8 25. d5 exd5 26. Rxd5 c6 27.
Rg5 Qc7 28. f5 b5 29. Qd4 Qd8 30. h4 Kb7 31. Rg7 Kc8 32. Rg5 Rf6 33. Qc5 Rhh6
34. Qxb5 Qf8 35. Qxa5 Kb7 36. Rc3 c5 37. Qb5+ Rb6 38. Qxd7+ Kb8 39. Rg7 Rhc6
40. Qa7+ Kc8 41. Qa8+ 1-0

[Event "16. Torneo San Viator - Grupo B"]
[Site "Madrid ESP"]
[Date "2016.04.10"]
[Round "2.8"]
[White "Arias Martinez, Ivan"]
[Black "Garcia Rojas, Juan Carlos"]
[Result "1-0"]
[WhiteElo "1642"]
[BlackElo "1521"]
[PlyCount "73"]
[EventDate "2016.04.03"]
[EventType "swiss"]
[EventRounds "9"]
[EventCountry "ESP"]
[Source "lmi"]
[SourceDate "2016.04.03"]

1. e4 c5 2. Nf3 Nc6 3. d4 cxd4 4. Nxd4 Qb6 5. c3 Nf6 6. Qd3 e6 7. Nd2 Ne5 8.
Qc2 Bc5 9. N2b3 Bxd4 10. Nxd4 O-O 11. f4 Nc6 12. e5 Nxd4 13. cxd4 Nd5 14. Qe4
Qb4+ 15. Kf2 f5 16. Qd3 b6 17. a3 Qe7 18. g3 Bb7 19. Bg2 d6 20. Re1 dxe5 21.
Rxe5 Rf6 22. Bd2 Qd7 23. Rae1 Re8 24. Qe2 Bc6 25. b3 Bb5 26. Qd1 Nc7 27. Qc2
Qxd4+ 28. Be3 Qd7 29. a4 Bd3 30. Qc3 Rd8 31. Rd1 Na6 32. Bf1 Rh6 33. h4 Qe7 34.
Rxd3 Rxd3 35. Bxd3 Nb4 36. Bc4 Rxh4 37. Bxe6+ 1-0

[Event "16. Torneo San Viator - Grupo B"]
[Site "Madrid ESP"]
[Date "2016.04.10"]
[Round "2.9"]
[White "Urbelz Perez, Ignacio"]
[Black "Correas Aguilera, Eufemio"]
[Result "1-0"]
[WhiteElo "1513"]
[BlackElo "1639"]
[PlyCount "53"]
[EventDate "2016.04.03"]
[EventType "swiss"]
[EventRounds "9"]
[EventCountry "ESP"]
[Source "lmi"]
[SourceDate "2016.04.03"]

1. e4 d5 2. exd5 Qxd5 3. Nc3 Qa5 4. d4 Nf6 5. Nf3 Bf5 6. Ne5 c6 7. g4 Be6 8.
Bg2 Nbd7 9. Nxd7 Bxd7 10. g5 Nd5 11. O-O Nxc3 12. bxc3 Qxc3 13. Rb1 Bc8 14. d5
cxd5 15. Qxd5 Qc7 16. Rd1 e6 17. Qb5+ Bd7 18. Qxb7 Qxb7 19. Rxb7 Ba4 20. Rc7
Rd8 21. Rxd8+ Kxd8 22. Rxa7 Bxc2 23. Be3 h5 24. h4 g6 25. Bb6+ Kc8 26. Rc7+ Kb8
27. Rxc2 1-0

[Event "16. Torneo San Viator - Grupo B"]
[Site "Madrid ESP"]
[Date "2016.04.10"]
[Round "2.10"]
[White "Mateos Cordero, Francisco"]
[Black "Andradas Encabo, Victor"]
[Result "1-0"]
[WhiteElo "1623"]
[BlackElo "1508"]
[PlyCount "59"]
[EventDate "2016.04.03"]
[EventType "swiss"]
[EventRounds "9"]
[EventCountry "ESP"]
[Source "lmi"]
[SourceDate "2016.04.03"]

1. Nf3 Nf6 2. c4 c5 3. Nc3 Nc6 4. g3 g6 5. Bg2 Bg7 6. d4 cxd4 7. Nxd4 O-O 8. e3
Qc7 9. b3 Nxd4 10. exd4 d6 11. O-O Bf5 12. Bb2 a6 13. Rc1 Rac8 14. Re1 Qd7 15.
Na4 Qc7 16. d5 e5 17. c5 Nd7 18. b4 Rcd8 19. g4 Bxg4 20. Qxg4 f5 21. Qd1 Bh6
22. Rc3 e4 23. Rc2 dxc5 24. d6 Qc6 25. Nxc5 Nxc5 26. bxc5 Bf4 27. Qd4 Rd7 28.
Qh8+ Kf7 29. Qxh7+ Ke8 30. Qg8 1-0

[Event "16. Torneo San Viator - Grupo B"]
[Site "Madrid ESP"]
[Date "2016.04.10"]
[Round "2.11"]
[White "Lopez Valenciano, Rafael"]
[Black "Dominguez Afonso, Ayraldo"]
[Result "0-1"]
[WhiteElo "1505"]
[BlackElo "1619"]
[PlyCount "100"]
[EventDate "2016.04.03"]
[EventType "swiss"]
[EventRounds "9"]
[EventCountry "ESP"]
[Source "lmi"]
[SourceDate "2016.04.03"]

1. d4 Nf6 2. Bf4 g6 3. e3 Bg7 4. Nf3 d6 5. c3 O-O 6. Nbd2 Nbd7 7. h3 c5 8. Be2
cxd4 9. exd4 b6 10. O-O Bb7 11. Re1 Re8 12. Bb5 Rc8 13. Qb3 h6 14. Bc4 d5 15.
Bd3 Nh5 16. Bh2 Nf8 17. Ne5 Ne6 18. Bb5 Rf8 19. Ndf3 Nhf4 20. Qc2 g5 21. Bd7
Ra8 22. Bxe6 Nxe6 23. h4 Rc8 24. hxg5 hxg5 25. Ng6 Re8 26. Re3 g4 27. Nfh4 Nxd4
28. Qd1 fxg6 29. cxd4 e5 30. Qxg4 exd4 31. Rh3 Re4 32. Qg3 Qe8 33. Nf3 Rc2 34.
Qd6 d3 35. Rd1 d2 36. Rf1 Ba6 37. Qd8 Kf8 38. Qd6+ Qe7 39. Qxe7+ Rxe7 40. Bd6
Bxf1 41. Bxe7+ Kxe7 42. Nxd2 Rxd2 43. Kxf1 Rxb2 44. Ra3 a5 45. Re3+ Kd6 46. Rg3
Bd4 47. Rxg6+ Kc5 48. Rg5 Kc4 49. f3 Kd3 50. Rxd5 Rb1# 0-1

[Event "16. Torneo San Viator - Grupo B"]
[Site "Madrid ESP"]
[Date "2016.04.10"]
[Round "2.12"]
[White "Llases Gonzalez, Luis"]
[Black "Martin Rodriguez, Jose Luis"]
[Result "1-0"]
[WhiteElo "1614"]
[BlackElo "1353"]
[PlyCount "67"]
[EventDate "2016.04.03"]
[EventType "swiss"]
[EventRounds "9"]
[EventCountry "ESP"]
[Source "lmi"]
[SourceDate "2016.04.03"]

1. e4 e6 2. g3 d5 3. exd5 exd5 4. Bg2 Nf6 5. Qe2+ Qe7 6. d4 Qxe2+ 7. Nxe2 c6 8.
O-O Bd6 9. Bf4 Bxf4 10. Nxf4 O-O 11. Nd2 Bf5 12. c4 dxc4 13. Nxc4 Rd8 14. Ne3
Bg6 15. Nxg6 hxg6 16. d5 cxd5 17. Rfd1 Nc6 18. Nxd5 Nxd5 19. Bxd5 Kf8 20. Bxc6
bxc6 21. Kf1 Rxd1+ 22. Rxd1 Ke7 23. Ke2 Rd8 24. Rxd8 Kxd8 25. Kd3 Kd7 26. Kd4
Kd6 27. b4 f5 28. f4 a6 29. a4 g5 30. fxg5 g6 31. h4 Kc7 32. h5 f4 33. gxf4
gxh5 34. g6 1-0

[Event "16. Torneo San Viator - Grupo B"]
[Site "Madrid ESP"]
[Date "2016.04.10"]
[Round "2.14"]
[White "Serrano Gonzalez, Oscar"]
[Black "Cuerda Montagud, Tomas"]
[Result "1-0"]
[WhiteElo "1727"]
[BlackElo "1414"]
[PlyCount "103"]
[EventDate "2016.04.03"]
[EventType "swiss"]
[EventRounds "9"]
[EventCountry "ESP"]
[Source "lmi"]
[SourceDate "2016.04.03"]

1. e4 e6 2. d4 d5 3. e5 c5 4. f4 cxd4 5. Nf3 Bb4+ 6. Nbd2 Nc6 7. a3 Be7 8. Nb3
f6 9. Be2 Qc7 10. Bb5 Bd7 11. Bxc6 bxc6 12. Nbxd4 c5 13. Ne2 Nh6 14. O-O Nf7
15. exf6 Bxf6 16. f5 O-O 17. fxe6 Bxe6 18. Nf4 Qd6 19. Nh5 Be5 20. Nxe5 Nxe5
21. Bf4 g6 22. Qe2 gxh5 23. Bxe5 Qb6 24. Qxh5 Bf7 25. Qg5+ Qg6 26. Qf6 Qxf6 27.
Rxf6 Bg6 28. Rxf8+ Rxf8 29. Bd6 Re8 30. Bxc5 Bxc2 31. Bxa7 Bb3 32. Kf2 Kf7 33.
Bd4 Re4 34. Be3 d4 35. Bd2 d3 36. Re1 Rxe1 37. Bxe1 Bc2 38. b4 Ba4 39. Ke3 Bb5
40. a4 Bxa4 41. Kxd3 Bb5+ 42. Kd4 Bf1 43. g3 h5 44. Kc5 Kg6 45. h4 Kf5 46. Bd2
Kg6 47. Bf4 Be2 48. b5 Bxb5 49. Kxb5 Kf6 50. Kc5 Kf5 51. Kc6 Kg4 52. Kd5 1-0

[Event "16. Torneo San Viator - Grupo B"]
[Site "Madrid ESP"]
[Date "2016.04.10"]
[Round "2.15"]
[White "Algaba Traspuesto, Jose Antonio"]
[Black "Jimenez Perez, Federico"]
[Result "0-1"]
[WhiteElo "1633"]
[BlackElo "1358"]
[PlyCount "98"]
[EventDate "2016.04.03"]
[EventType "swiss"]
[EventRounds "9"]
[EventCountry "ESP"]
[Source "lmi"]
[SourceDate "2016.04.03"]

1. d4 Nf6 2. Nf3 g6 3. Nc3 Bg7 4. e4 d6 5. h3 O-O 6. Bc4 Nbd7 7. O-O e5 8. Be3
exd4 9. Nxd4 Nc5 10. f3 Be6 11. Nxe6 Nxe6 12. Qd2 Nh5 13. Ne2 c6 14. c3 Qc7 15.
g4 Nf6 16. Rad1 Rad8 17. Nf4 Bh6 18. Nxe6 Bxe3+ 19. Qxe3 fxe6 20. Bxe6+ Kg7 21.
Kg2 Qe7 22. Bb3 d5 23. e5 Rfe8 24. exf6+ Qxf6 25. Qd4 Re2+ 26. Rf2 Rde8 27.
Qxf6+ Kxf6 28. Rd2 Re1 29. Bd1 a5 30. Rfe2 Rxd1 31. Kf2 Rxe2+ 32. Kxe2 Rh1 33.
Rd4 Rh2+ 34. Ke3 Rxb2 35. f4 Rxa2 36. Kf3 a4 37. Kg3 h6 38. f5 g5 39. Rb4 b5
40. Rb1 Ra3 41. Rc1 b4 42. Kg2 Rxc3 43. Re1 Rc2+ 44. Kg3 a3 45. Re6+ Kf7 46.
Rxh6 a2 47. Rh7+ Kf6 48. Ra7 Rc3+ 49. Kg2 Ra3 0-1

[Event "16. Torneo San Viator - Grupo B"]
[Site "Madrid ESP"]
[Date "2016.04.10"]
[Round "2.16"]
[White "Aranda Alcocer, Aurelio"]
[Black "Fernandez Garcia, Emilio"]
[Result "1/2-1/2"]
[WhiteElo "1375"]
[BlackElo "1624"]
[PlyCount "52"]
[EventDate "2016.04.03"]
[EventType "swiss"]
[EventRounds "9"]
[EventCountry "ESP"]
[Source "lmi"]
[SourceDate "2016.04.03"]

1. d4 g6 2. Nf3 Bg7 3. Bf4 d6 4. h3 Nf6 5. e3 Bf5 6. Be2 Nbd7 7. c4 Nb6 8. Nc3
O-O 9. O-O c6 10. a4 Rc8 11. a5 Na8 12. b4 Nc7 13. Qb3 Ne4 14. Nxe4 Bxe4 15.
Nd2 Bf5 16. Rfd1 d5 17. Rac1 Qd7 18. Nf3 f6 19. b5 g5 20. Bxc7 Rxc7 21. cxd5
cxd5 22. Rxc7 Qxc7 23. Qxd5+ e6 24. Qa2 Rc8 25. g4 Qc2 26. Qxc2 Rxc2 1/2-1/2

[Event "16. Torneo San Viator - Grupo B"]
[Site "Madrid ESP"]
[Date "2016.04.10"]
[Round "2.17"]
[White "Insua Rodriguez, Antonio"]
[Black "Caravantes Camacho, Fernando"]
[Result "1/2-1/2"]
[WhiteElo "1406"]
[BlackElo "1621"]
[PlyCount "62"]
[EventDate "2016.04.03"]
[EventType "swiss"]
[EventRounds "9"]
[EventCountry "ESP"]
[Source "lmi"]
[SourceDate "2016.04.03"]

1. Nc3 d5 2. d4 Nf6 3. Bg5 Bf5 4. e3 Nbd7 5. Bd3 Bxd3 6. Qxd3 e6 7. O-O-O Be7
8. Nf3 O-O 9. Ne5 c5 10. Nxd7 Nxd7 11. Bxe7 Qxe7 12. dxc5 Nxc5 13. Qd4 a6 14.
e4 Nxe4 15. Nxe4 dxe4 16. Qxe4 Rad8 17. Qf3 Qg5+ 18. Kb1 h6 19. g3 b5 20. Rxd8
Rxd8 21. Rd1 Rxd1+ 22. Qxd1 Qd5 23. Qxd5 exd5 24. b4 Kf8 25. Kb2 Ke7 26. Kc3
Ke6 27. Kd4 Kd6 28. f4 f6 29. h4 g6 30. g4 h5 31. gxh5 gxh5 1/2-1/2

[Event "16. Torneo San Viator - Grupo B"]
[Site "Madrid ESP"]
[Date "2016.04.10"]
[Round "2.18"]
[White "Del Rio Garay, Felipe"]
[Black "Tudela Garcia, Antonio"]
[Result "1/2-1/2"]
[WhiteElo "1339"]
[BlackElo "1616"]
[PlyCount "44"]
[EventDate "2016.04.03"]
[EventType "swiss"]
[EventRounds "9"]
[EventCountry "ESP"]
[Source "lmi"]
[SourceDate "2016.04.03"]

1. d4 Nf6 2. c4 e6 3. g3 d5 4. Bg2 c6 5. Nf3 Nbd7 6. O-O Be7 7. Bf4 Ne4 8. Ne5
O-O 9. Nd2 Nxd2 10. Qxd2 Nxe5 11. Bxe5 f6 12. Bf4 Bd6 13. Bxd6 Qxd6 14. c5 Qc7
15. b4 e5 16. e4 dxe4 17. Bxe4 exd4 18. Qxd4 Bh3 19. Rfd1 Kh8 20. Qd6 Qf7 21.
b5 Rae8 22. Rd4 cxb5 1/2-1/2